Pays d'Europe par pays frontaliers - Statistiques

Statistiques générales
  • Ce quiz a été pris 136 fois
  • Le résultat moyen est 10 sur 10
Statistiques - réponses
Pays voisins Pays % Correct
Royaume uni Irlande
100%
Espagne Portugal
100%
Allemagne/Belgique Pays-Bas
99%
France/Espagne Andorre
98%
Lettonie/Russie Estonie
98%
Norvege/Suede/Russie Finlande
98%
Serbie/Montenegro/Croatie Bosnie-Herzegovine
95%
Croatie/Italie/Hongrie/Autriche Slovenie
94%
Ukraine/Roumanie Moldavie
91%
Italie Saint-Marin
91%
Aucun quiz correspondant
Distribution des résultats
% des personnes avec chaque résultat
Percentile par nombre de réponses
Votre historique - résultats
Vous n’avez pas pris ce quiz